<?xml version="1.0" encoding="UTF-8"?>
<record
    xmlns:xsi="http://www.w3.org/2001/XMLSchema-instance"
    xsi:schemaLocation="http://www.loc.gov/MARC21/slim http://www.loc.gov/standards/marcxml/schema/MARC21slim.xsd"
    xmlns="http://www.loc.gov/MARC21/slim">

  <leader>00449nam a2200145   4500</leader>
  <controlfield tag="008">778.92 M672a</controlfield>
  <datafield tag="020" ind1=" " ind2=" ">
    <subfield code="a">9789563620092</subfield>
  </datafield>
  <datafield tag="082" ind1=" " ind2=" ">
    <subfield code="a">778.92</subfield>
    <subfield code="b">M672a</subfield>
  </datafield>
  <datafield tag="100" ind1=" " ind2=" ">
    <subfield code="a">Miranda, Ra&#xFA;l</subfield>
    <subfield code="9">6149</subfield>
  </datafield>
  <datafield tag="245" ind1=" " ind2=" ">
    <subfield code="a">(a)prop&#xF3;sito &amp; bestiarium</subfield>
  </datafield>
  <datafield tag="260" ind1=" " ind2=" ">
    <subfield code="a">Santiago</subfield>
    <subfield code="b">&#xC9;cfrasis</subfield>
    <subfield code="c">2015</subfield>
  </datafield>
  <datafield tag="300" ind1=" " ind2=" ">
    <subfield code="a">88 p.</subfield>
    <subfield code="c">14,4 x 18 cm</subfield>
    <subfield code="e">ill  (col)</subfield>
  </datafield>
  <datafield tag="650" ind1=" " ind2=" ">
    <subfield code="x">Arte Contempor&#xE1;neo</subfield>
    <subfield code="x">Fotograf&#xED;a</subfield>
    <subfield code="x">Figura Humana</subfield>
    <subfield code="x">Exhibiciones</subfield>
    <subfield code="x">Video-Arte</subfield>
    <subfield code="x">Teatro</subfield>
    <subfield code="9">6150</subfield>
  </datafield>
  <datafield tag="700" ind1=" " ind2=" ">
    <subfield code="a">Miranda, Ra&#xFA;l</subfield>
    <subfield code="9">6151</subfield>
  </datafield>
  <datafield tag="999" ind1=" " ind2=" ">
    <subfield code="c">1391</subfield>
    <subfield code="d">1391</subfield>
  </datafield>
  <datafield tag="952" ind1=" " ind2=" ">
    <subfield code="0">0</subfield>
    <subfield code="1">0</subfield>
    <subfield code="2">ddc</subfield>
    <subfield code="4">0</subfield>
    <subfield code="7">0</subfield>
    <subfield code="a">LV</subfield>
    <subfield code="b">LV</subfield>
    <subfield code="c">Monograf&#xED;as</subfield>
    <subfield code="d">2018-02-22</subfield>
    <subfield code="l">0</subfield>
    <subfield code="o">778.92 M672a</subfield>
    <subfield code="p">004538</subfield>
    <subfield code="r">2018-02-22 00:00:00</subfield>
    <subfield code="w">2018-02-22</subfield>
    <subfield code="y">01</subfield>
  </datafield>
</record>
